Регионална библиотека "Любен Каравелов" - Русе

Трима души в една лодка (Запис номер 104726)

MARC детайли
000 -Лидер
Контролно поле с фиксирана дължина 01418nam a2200337 c 4500
003 - Код на организацията, давaща контролен номер
Контролно поле BLK
005 - Дата и час на последна редакция
Контролно поле 20250723124623.0
008 - Елементи от данни с фиксирана дължина
fixed length control field 180409b bul|||||r ||||||| ||bul||
010 ## - Наследен системен номер
LC control number KNG00109838000
020 ## - Международен стандартен номер на книга ISBN
Международен стандартен номер на книга ISBN 954-597-007-4
-- издат.: Фама
040 ## - Източник на каталожния запис
Идентификатор на билиотеката - собственик на записа BLK
041 ## - Код за език
Код за езика на текст/звукозапис или на отделно заглавие Български
Код за езика КДБФ Български
080 ## - УДК
Текстов определител УДК Английска литература
УДК код - определител по УДК 821.111
УДК определител 31
УДК - код + определител 821.11131
100 1# - Редна дума - Автор
Автор Джеръм, Джеръм К.
Авторска отговорност първи автор
R(LIN) 270064
139 ## - Редно поле
Редна дума Джером, Джером К.
Авторски знак Джер - Д 51
245 10 - Сведения за заглавието
Заглавие Трима души в една лодка
Подзаглавни данни Без да става дума за кучето
Редно поле (дума) Джеръм К. Джеръм; * Джером Клапка Джером; прев. от англ. Асен Христофоров.
257 ## - Страна на издаване
Страна на създаване/издаване Великобритания
260 ## - Област на издателските данни
-- София
Име на издателя, разпространителя и проч. Фама
Година на издаване 2002
Печатница София : Унискорп
300 ## - Физическа характеристика
Страници 191 с.
Размери/Мащаб 20 см
380 ## - Жанр
Жанр Худож. лит.
490 1# - СЕРИИ (Колекции)
Име на серия Класика
500 ## - Общи забележки
Забележка Ориг. загл. Three men in a boat (To Say Nothing of the Dog) В кн. авт. означен Джеръм К. Джеръм
700 1# - Други автори (авторска отговорност)
Лично име Джером, Джером Клапка
Автороска отговорност (Описва отношението между автора и произведението) *
9 (RLIN) 366381
700 1# - Други автори (авторска отговорност)
Лично име Христофоров, Асен
Автороска отговорност (Описва отношението между автора и произведението) прев. от англ.
9 (RLIN) 365085
852 ## - Местоположение
Форматна сигнатура Цб 217264
856 4# - Електронен адрес и достъп
Електронен формат pdf - файл
Път до файла /url/
856 4# - Електронен адрес и достъп
Електронен формат pdf - файл
Път до файла /url/
942 ## - АРТИКУЛИ
Вид на библиотечния материал Книги
Скрит в OPAC Не
Koha issues (borrowed), all copies 10
944 ## - СЪЗДАВАНЕ И РЕДАКЦИЯ на ЗАПИСА
Създаване/Редакция Създаване
Дата на регистрацията/редакция 22.12.2003
Служител, извършил регистрацията/редакцията 30576
Статус, дата на статуса Цветомила Тодорова
944 ## - СЪЗДАВАНЕ И РЕДАКЦИЯ на ЗАПИСА
Създаване/Редакция Редакция
Дата на регистрацията/редакция 16.07.2014
Служител, извършил регистрацията/редакцията
999 ## - СИСТЕМНИ КОНТРОЛНИ НОМЕРА
Koha biblionumber 104726
Koha biblioitemnumber 104726
Наличности
Код за отписване Код за изгубен артикул Код за повреда Коз за рестрикции Код за отдаване Артикулен № Име на библиотеката - собственик Име на библиотеката, в която се намира в момента Статус (Текущо местоположение) Дата на вписване в системата Местоположение - отдел Цена в лева Инвентарен номер Систематично азбучна сигнатура Баркод Номер на екземпляра Цена в евро Служебна бележка Служебен тип на артикула
  Не е изгубен Не е повреден без рестрикции заемане за дома 169306 Регионална библиотека "Любен Каравелов" Русе Регионална библиотека "Любен Каравелов" Русе Заемна - подръчен фонд 2003-12-22 Заемна - подръчен фонд 6.00 120000681278 П 820-31/Д 51 120000681278 1 3.07 Дост: Pk Вид: Ф N: 8856 Дата: 19.12.2003 Дата инв: 14.02.2018 Бележки инв: П2018 Книги
Vip Innovations Ltd, Rousse, Bulgaria 2025